000
00262nam a22001217a 4500
008
181006b xxu||||| |||| 00| 0 eng d
041
_a
eng
080
_a
159.9
100
_a
49
101
_a
PSI
245
_a
Abnormal Psychology
_c
Barlow, D.H
942
_2
udc
_c
BK
999
_c
48963
_d
48963